<?xml version="1.0" encoding="UTF-8"?>
<collection xmlns="http://www.loc.gov/MARC21/slim">
<record>
  <controlfield tag="001">110409</controlfield>
  <controlfield tag="005">20220210105305.0</controlfield>
  <datafield tag="037" ind1=" " ind2=" ">
    <subfield code="a">TAZ-TFG-2021-1954</subfield>
  </datafield>
  <datafield tag="041" ind1=" " ind2=" ">
    <subfield code="a">spa</subfield>
  </datafield>
  <datafield tag="100" ind1="1" ind2=" ">
    <subfield code="a">Cerezo Pelay, José Luis</subfield>
  </datafield>
  <datafield tag="242" ind1="0" ind2="0">
    <subfield code="a">Storyscaping as a communication trend and its application to the Lacasitos brand</subfield>
  </datafield>
  <datafield tag="245" ind1="0" ind2="0">
    <subfield code="a">El Storyscaping como tendencia de comunicación y su aplicación a la marca Lacasitos</subfield>
  </datafield>
  <datafield tag="260" ind1=" " ind2=" ">
    <subfield code="a">Zaragoza</subfield>
    <subfield code="b">Universidad de Zaragoza</subfield>
    <subfield code="c">2021</subfield>
  </datafield>
  <datafield tag="506" ind1=" " ind2=" ">
    <subfield code="a">by-nc-sa</subfield>
    <subfield code="b">Creative Commons</subfield>
    <subfield code="c">3.0</subfield>
    <subfield code="u">http://creativecommons.org/licenses/by-nc-sa/3.0/</subfield>
  </datafield>
  <datafield tag="520" ind1=" " ind2=" ">
    <subfield code="a">El principal objetivo de este trabajo es recopilar y ampliar la información disponible sobre el StoryScaping, reciente tendencia de comunicación basada en lograr conexiones potentes y duraderas entre las marcas y los clientes.&lt;br />A nivel teórico, se define el concepto, sus componentes clave (pilares estratégicos, idea organizativa y espacio experiencial) y se enumeran las ventajas de su aplicación.&lt;br />A nivel práctico, se presenta una propuesta de Storyscaping a la marca Lacasitos con alta utilidad y aplicabilidad empresarial. Tras indagar en la marca, se analiza al público objetivo definido (niños y preadolescentes de 8-12 años de edad) para comprender sus deseos y necesidades y desarrollar un mundo, que siendo coherente con el propósito de marca, inspire la participación y logre ser parte de su historia personal. Finalmente, se plantean unas acciones en canales online y offline, y se muestran las principales conclusiones del trabajo.&lt;br />&lt;br /></subfield>
  </datafield>
  <datafield tag="521" ind1=" " ind2=" ">
    <subfield code="a">Graduado en Marketing e Investigación de Mercados</subfield>
  </datafield>
  <datafield tag="540" ind1=" " ind2=" ">
    <subfield code="a">Derechos regulados por licencia Creative Commons</subfield>
  </datafield>
  <datafield tag="700" ind1=" " ind2=" ">
    <subfield code="a">Gurrea Sarasa, Raquel</subfield>
    <subfield code="e">dir.</subfield>
  </datafield>
  <datafield tag="710" ind1="2" ind2=" ">
    <subfield code="a">Universidad de Zaragoza</subfield>
    <subfield code="b">Dirección de Márketing e Investigación de Mercados</subfield>
    <subfield code="c">Comercialización e Investigación de Mercados</subfield>
  </datafield>
  <datafield tag="856" ind1="0" ind2=" ">
    <subfield code="f">760370@unizar.es</subfield>
  </datafield>
  <datafield tag="856" ind1="4" ind2=" ">
    <subfield code="s">27047572</subfield>
    <subfield code="u">http://zaguan.unizar.es/record/110409/files/TAZ-TFG-2021-1954.pdf</subfield>
    <subfield code="y">Memoria (spa)</subfield>
  </datafield>
  <datafield tag="909" ind1="C" ind2="O">
    <subfield code="o">oai:zaguan.unizar.es:110409</subfield>
    <subfield code="p">driver</subfield>
    <subfield code="p">trabajos-fin-grado</subfield>
  </datafield>
  <datafield tag="950" ind1=" " ind2=" ">
    <subfield code="a"></subfield>
  </datafield>
  <datafield tag="980" ind1=" " ind2=" ">
    <subfield code="a">TAZ</subfield>
    <subfield code="b">TFG</subfield>
    <subfield code="c">ECON</subfield>
  </datafield>
  <datafield tag="999" ind1=" " ind2=" ">
    <subfield code="a">20210621155239.CREATION_DATE</subfield>
  </datafield>
  <datafield tag="951" ind1=" " ind2=" ">
    <subfield code="a">deposita:2022-02-10</subfield>
  </datafield>
</record>
</collection>